Adirondack 46 High Peaks - Statistics

General Stats
  • This quiz has been taken 288 times
  • The average score is 28 of 46
Answer Stats
Elevation (ft) Mountain % Correct
5,344 Marcy
100%
5,114 Algonquin
89%
4,867 Whiteface
79%
4,960 Haystack
76%
4,857 Dix
72%
4,240 Big Slide
71%
4,098 Cascade
71%
4,175 Lower Wolf Jaw
69%
4,185 Upper Wolf Jaw
69%
4,059 Porter
68%
4,714 Colden
67%
4,736 Gothic
67%
4,627 Giant
64%
4,620 Nippletop
64%
4,580 Wright Peak
64%
4,840 Iroquois Peak
63%
4,926 Skylight
61%
4,840 Gray
60%
4,161 Phelps
60%
4,060 South Dix
60%
3,960 Blake Peak
58%
4,057 Colvin
58%
4,360 Marshall
58%
4,400 Armstrong
57%
3,895 Nye
57%
4,420 Rocky Peak
57%
4,515 Saddleback
57%
4,607 Santanoni
57%
4,361 Seward
57%
4,427 TableTop
57%
4,340 Allen
56%
4,606 Redfield
56%
4,166 Street
54%
4,420 Esther
53%
4,012 Grace Peak
53%
4,442 Panther
53%
4,826 Basin
51%
3,960 Cliff
51%
4,020 Dial
51%
4,405 Macomb
49%
4,400 Hough
47%
4,100 Sawteeth
47%
4,140 Donaldson
46%
4,040 Emmons
46%
3,820 Couchsachraga
44%
4,120 Seymour
44%
No matching quizzes found
Score Distribution
Percent of People with Each Score
Percentile by Number Answered
Your Score History
You have not taken this quiz